Sports Quiz

Random Sports or NBA Quiz

NBA #1 Draft Picks (2010s) Quiz Stats

 Plays Quiz Updated Nov 4, 2019

Score 0/10 Timer 04:00
116 Plays Today
Hint Answer % Correct
2012Anthony Davis
97.8%
2011Kyrie Irving
96.8%
2016Ben Simmons
94.5%
2019Zion Williamson
94.4%
2015Karl-Anthony Towns
93.5%
2014Andrew Wiggins
87%
2017Markelle Fultz
86.2%
2018Deandre Ayton
83.3%
2010John Wall
80.9%
2013Anthony Bennett
76.9%

You're not logged in!

Compare scores with friends on all Sporcle quizzes.
OR
Log In

Sporcle TV

Today on Sporcle TV


Watch our educational content, quiz creation guides, and fun videos on Sporcle TV.

Show Comments

Extras

Top Quizzes Today


Score Distribution

Your Account Isn't Verified!

In order to create a playlist on Sporcle, you need to verify the email address you used during registration. Go to your Sporcle Settings to finish the process.

Report this User

Report this user for behavior that violates our Community Guidelines.

Details: